[Event "Titled Tuesday intern op 29th Aug Early"]
[Site "Chess.com INT"]
[Date "2023.08.29"]
[Round "9"]
[White "Senft, Sean"]
[Black "Jahnz, Fabian"]
[Result "1-0"]
[WhiteElo "2146"]
[BlackElo "2268"]
[PlyCount "55"]
[EventDate "2023.08.29"]
[EventType "swiss (blitz)"]
[EventRounds "11"]
[EventCountry "USA"]
[SourceTitle "EXT 2024"]
[Source "ChessBase"]
[SourceDate "2023.10.10"]
[SourceVersion "1"]
[SourceVersionDate "2023.10.10"]
[SourceQuality "1"]

1. d4 d5 2. c4 e6 3. cxd5 exd5 4. Nc3 Nf6 5. Bg5 Be7 6. e3 h6 7. Bh4 0-0 8. Bd3 c6 9. Qc2 Nbd7 10. Nf3 Re8 11. 0-0 Nf8 12. Ne5 a5 13. f4 N8d7 14. Rf3 Nxe5 15. fxe5 Nd7 16. Bxe7 Qxe7 17. Raf1 f6 18. Bh7+ Kh8 19. Bg6 Rf8 20. Qf5 b5 21. Qh5 b4 22. Na4 Ba6 23. R1f2 fxe5 24. Rf7 Rxf7 25. Rxf7 Rf8 26. h3 Rxf7 27. Bxf7 exd4 28. exd4 1-0

[Event "Titled Tuesday intern op 15th Aug Early"]
[Site "Chess.com INT"]
[Date "2023.08.15"]
[Round "11"]
[White "Jahnz, Fabian"]
[Black "D'Arruda, Ricardo D"]
[Result "0-1"]
[WhiteElo "2268"]
[BlackElo "2271"]
[PlyCount "88"]
[EventDate "2023.08.15"]
[EventType "swiss (blitz)"]
[EventRounds "11"]
[EventCountry "USA"]
[SourceTitle "EXT 2024"]
[Source "ChessBase"]
[SourceDate "2023.10.10"]
[SourceVersion "1"]
[SourceVersionDate "2023.10.10"]
[SourceQuality "1"]

1. e4 c5 2. Nf3 Nc6 3. d4 cxd4 4. Nxd4 e5 5. Nxc6 bxc6 6. c4 Nf6 7. Nc3 Bb4 8. Bd3 Bxc3+ 9. bxc3 d6 10. 0-0 0-0 11. h3 Qe7 12. Bg5 h6 13. Bh4 g5 14. Bg3 c5 15. Rb1 Be6 16. Qb3 Qc7 17. Qb7 Rfc8 18. Qxc7 Rxc7 19. Rb2 Nd7 20. Rfb1 Nb6 21. f3 Bxc4 22. Bxc4 Nxc4 23. Rb8+ Rxb8 24. Rxb8+ Kg7 25. Rd8 Rc6 26. Rd7 Ra6 27. h4 Kf6 28. h5 Ke6 29. Rd8 Kf6 30. Rh8 Kg7 31. Rd8 Nd2 32. Rd7 Nb1 33. c4 Nd2 34. Kf2 Nxc4 35. Kf1 Rxa2 36. Kg1 a5 37. Bf2 a4 38. Ra7 a3 39. g3 Rb2 40. f4 a2 41. Kg2 Nd2 42. fxg5 Nxe4 43. gxh6+ Kxh6 44. Kf3 Nxf2 0-1

[Event "Titled Tuesday intern op 15th Aug Early"]
[Site "Chess.com INT"]
[Date "2023.08.15"]
[Round "3"]
[White "Jahnz, Fabian"]
[Black "Shapiro, Viktor"]
[Result "0-1"]
[WhiteElo "2268"]
[BlackElo "2144"]
[PlyCount "116"]
[EventDate "2023.08.15"]
[EventType "swiss (blitz)"]
[EventRounds "11"]
[EventCountry "USA"]
[SourceTitle "EXT 2024"]
[Source "ChessBase"]
[SourceDate "2023.10.10"]
[SourceVersion "1"]
[SourceVersionDate "2023.10.10"]
[SourceQuality "1"]

1. e4 Nf6 2. e5 Nd5 3. c4 Nb6 4. d4 d6 5. exd6 cxd6 6. Nc3 g6 7. Be2 Bg7 8. Be3 0-0 9. h3 Nc6 10. Nf3 e5 11. 0-0 h6 12. dxe5 dxe5 13. Qxd8 Rxd8 14. Bxb6 axb6 15. Nd5 e4 16. Nd2 Bxb2 17. Rab1 Rxa2 18. Nxe4 Bd4 19. Bf3 Be6 20. Nxb6 Ne5 21. Kh2 Kg7 22. c5 Bf5 23. Rbd1 Nxf3+ 24. gxf3 Be5+ 25. Kg2 Rxd1 26. Rxd1 Rc2 27. Nd7 Bf4 28. Ng3 Be6 29. Ne4 f5 30. Ng3 Be3 31. Nh1 Bxc5 32. Nxc5 Rxc5 33. Ng3 Bd5 34. Ne2 Kf6 35. Nf4 Bf7 36. Rd7 Rb5 37. Nd3 g5 38. Kg3 b6 39. Rb7 f4+ 40. Kg2 Rb3 41. Nc1 Rb2 42. Nd3 Rb3 43. Nc1 Rc3 44. Ne2 Rc6 45. Nd4 Rd6 46. Nb5 Rc6 47. Nd4 Rd6 48. Nb5 Rd2 49. Rxb6+ Kg7 50. Rd6 Bd5 51. Rd7+ Kf6 52. Rd6+ Ke5 53. Rxh6 Rd3 54. Rg6 Bxf3+ 55. Kh2 Kf5 56. Rg8 Rd1 57. Rf8+ Kg6 58. Rg8+ Kh6 0-1

[Event "Titled Tuesday intern op 15th Aug Late"]
[Site "Chess.com INT"]
[Date "2023.08.15"]
[Round "8"]
[White "Vila Dupla, Aurelio"]
[Black "Jahnz, Fabian"]
[Result "1-0"]
[WhiteElo "2030"]
[BlackElo "2268"]
[PlyCount "63"]
[EventDate "2023.08.15"]
[EventType "swiss (blitz)"]
[EventRounds "11"]
[EventCountry "USA"]
[SourceTitle "EXT 2024"]
[Source "ChessBase"]
[SourceDate "2023.10.10"]
[SourceVersion "1"]
[SourceVersionDate "2023.10.10"]
[SourceQuality "1"]

1. Nf3 d5 2. d4 Bf5 3. c4 e6 4. cxd5 exd5 5. Qb3 b6 6. Nc3 c6 7. Ne5 Bd6 8. e4 Bxe5 9. dxe5 Bxe4 10. Nxe4 dxe4 11. Bc4 Qe7 12. Bf4 b5 13. Be2 Nd7 14. Qc3 Qe6 15. 0-0 Ne7 16. h3 0-0 17. Bg4 Nf5 18. Rfd1 g6 19. Rd6 Qe7 20. Bxf5 gxf5 21. Rad1 Nb6 22. Bh6 Kh8 23. Bxf8 Rxf8 24. e6+ f6 25. Qxc6 Rc8 26. Qxb5 Kg7 27. Qxf5 e3 28. fxe3 Rc7 29. e4 Kh8 30. e5 Nc4 31. exf6 Nxd6 32. fxe7 1-0

[Event "Titled Tuesday intern op 08th Aug Early"]
[Site "Chess.com INT"]
[Date "2023.08.08"]
[Round "8"]
[White "Jahnz, Fabian"]
[Black "Dyachuk, Artem"]
[Result "1/2-1/2"]
[WhiteElo "2268"]
[BlackElo "2242"]
[PlyCount "132"]
[EventDate "2023.08.08"]
[EventType "swiss (blitz)"]
[EventRounds "11"]
[EventCountry "USA"]
[SourceTitle "EXT 2024"]
[Source "ChessBase"]
[SourceDate "2023.10.10"]
[SourceVersion "1"]
[SourceVersionDate "2023.10.10"]
[SourceQuality "1"]

1. e4 c6 2. Nf3 d5 3. Nc3 dxe4 4. Nxe4 Nd7 5. Qe2 e6 6. g3 Be7 7. Bg2 Ngf6 8. Nxf6+ Nxf6 9. 0-0 0-0 10. d4 c5 11. c3 Qb6 12. a4 Bd7 13. a5 Qb5 14. Qxb5 Bxb5 15. Re1 Ba6 16. Be3 Rac8 17. h3 Rfd8 18. Rad1 Nd5 19. dxc5 Nxe3 20. Rxd8+ Rxd8 21. Rxe3 Bxc5 22. Re1 Kf8 23. b4 Be7 24. Nd4 Bf6 25. b5 Bxd4 26. bxa6 Bxc3 27. Rc1 Bd2 28. Rc7 bxa6 29. Rxa7 Bxa5 30. Rxa6 Bc3 31. Ra8 Rxa8 32. Bxa8 Ke7 33. Bf3 Bd4 34. Kg2 h6 35. Be4 Kd6 36. f4 Kc5 37. Kf3 Bf6 38. Bc2 Kd4 39. g4 Be7 40. Bb1 Kc3 41. Be4 Kd2 42. Bc6 Ke1 43. Be8 f6 44. Bf7 e5 45. fxe5 fxe5 46. Ke4 Bf6 47. h4 Bxh4 48. Kxe5 Bf6+ 49. Kf5 Kf2 50. Bh5 Kg3 51. Bg6 Kh4 52. Bh5 Bc3 53. Bg6 Bb2 54. Bh5 Bc1 55. Bg6 Bg5 56. Bh5 Bc1 57. Bg6 Bg5 58. Bh5 Kg3 59. Bg6 Kf3 60. Bh5 Ke3 61. Bg6 Kd3 62. Bh5 Kd4 63. Bg6 Kd5 64. Bh5 Kd4 65. Bg6 Kd5 66. Bh5 Kd4 1/2-1/2

[Event "Titled Tuesday intern op 01st Aug Early"]
[Site "Chess.com INT"]
[Date "2023.08.01"]
[Round "9"]
[White "Jahnz, Fabian"]
[Black "Skvortsov, Andrei"]
[Result "0-1"]
[WhiteElo "2268"]
[BlackElo "2294"]
[PlyCount "42"]
[EventDate "2023.08.01"]
[EventType "swiss (blitz)"]
[EventRounds "11"]
[EventCountry "USA"]
[SourceTitle "EXT 2024"]
[Source "ChessBase"]
[SourceDate "2023.10.10"]
[SourceVersion "1"]
[SourceVersionDate "2023.10.10"]
[SourceQuality "1"]

1. e4 d5 2. exd5 Qxd5 3. Nc3 Qe5+ 4. Be2 Bg4 5. d4 Bxe2 6. Ngxe2 Qa5 7. 0-0 Nf6 8. Bd2 Nc6 9. h3 0-0-0 10. a3 Nxd4 11. b4 Qe5 12. Nxd4 Qxd4 13. Be1 Qf4 14. Qe2 e6 15. g3 Qf5 16. Nb5 a6 17. a4 Qxh3 18. Nc3 Bxb4 19. Rb1 Ng4 20. f3 Bc5+ 21. Bf2 Qxg3+ 0-1

[Event "Titled Tuesday intern op 01st Aug Early"]
[Site "Chess.com INT"]
[Date "2023.08.01"]
[Round "2"]
[White "Jahnz, Fabian"]
[Black "Taboas Rodriguez, Daniel"]
[Result "1/2-1/2"]
[WhiteElo "2268"]
[BlackElo "2368"]
[PlyCount "139"]
[EventDate "2023.08.01"]
[EventType "swiss (blitz)"]
[EventRounds "11"]
[EventCountry "USA"]
[SourceTitle "EXT 2024"]
[Source "ChessBase"]
[SourceDate "2023.10.10"]
[SourceVersion "1"]
[SourceVersionDate "2023.10.10"]
[SourceQuality "1"]

1. e4 e5 2. d4 exd4 3. Qxd4 Nc6 4. Qe3 Nf6 5. Nc3 Bb4 6. Bd2 0-0 7. 0-0-0 Re8 8. Qf4 d6 9. f3 Ne5 10. a3 Ng6 11. Qg3 Bc5 12. h4 Nh5 13. Qh2 Bd4 14. Nge2 Be5 15. f4 Bxc3 16. Nxc3 Bg4 17. Re1 d5 18. Nxd5 Qd6 19. Be2 Bxe2 20. Rxe2 c6 21. Nc3 Rad8 22. e5 Qd4 23. Rf1 f5 24. Be3 Qc4 25. g3 b5 26. Rd2 Rxd2 27. Bxd2 a5 28. Rd1 b4 29. axb4 axb4 30. Qe2 Qc5 31. Qxh5 bxc3 32. Bxc3 Qe3+ 33. Bd2 Qxg3 34. Qxf5 Nxh4 35. Qd7 Ra8 36. Kb1 Qf3 37. Bc1 h6 38. e6 Nf5 39. e7 Qe4 40. Qb7 Re8 41. Qb3+ Kh7 42. Rd7 Rxe7 43. Rxe7 Qxe7 44. Qd3 Qe6 45. b3 h5 46. Bb2 h4 47. Qh3 Kh6 48. Qg4 Qe1+ 49. Ka2 Qa5+ 50. Kb1 Qe1+ 51. Ka2 Qe6 52. Qh3 Kh5 53. Qg2 Ng3 54. Qf3+ Qg4 55. Qxc6 h3 56. Qd5+ Kh4 57. Qd8+ Kh5 58. Qd5+ Nf5 59. Qh1 Qg2 60. Qd1+ Qg4 61. Qh1 Qg2 62. Qd1+ Kh4 63. Qd8+ Kg4 64. Qg5+ Kf3 65. Qxf5 h2 66. Qd5+ Kg3 67. Qg5+ Kf3 68. Qd5+ Kg3 69. Qg5+ Kf3 70. Qd5+ 1/2-1/2

[Event "Titled Tuesday intern op 01st Aug Late"]
[Site "Chess.com INT"]
[Date "2023.08.01"]
[Round "7"]
[White "Jahnz, Fabian"]
[Black "Vila Dupla, Aurelio"]
[Result "0-1"]
[WhiteElo "2268"]
[BlackElo "2030"]
[PlyCount "200"]
[EventDate "2023.08.01"]
[EventType "swiss (blitz)"]
[EventRounds "11"]
[EventCountry "USA"]
[SourceTitle "EXT 2024"]
[Source "ChessBase"]
[SourceDate "2023.10.10"]
[SourceVersion "1"]
[SourceVersionDate "2023.10.10"]
[SourceQuality "1"]

1. e4 c5 2. Nf3 d6 3. Bb5+ Nd7 4. d4 cxd4 5. Qxd4 a6 6. Bxd7+ Bxd7 7. 0-0 Nf6 8. Re1 e6 9. Bg5 Be7 10. Nc3 Bc6 11. Rad1 h6 12. Bxf6 Bxf6 13. Qxd6 Qxd6 14. Rxd6 Bxc3 15. bxc3 Ke7 16. Rd2 Rhd8 17. Nd4 Be8 18. f3 g6 19. Red1 Rac8 20. Rd3 Rd7 21. Kf2 Rcd8 22. Nb3 Rc8 23. Rxd7+ Bxd7 24. Rd3 Bb5 25. Re3 e5 26. Nd2 Bc4 27. Nb3 b6 28. g3 a5 29. f4 f6 30. Ke1 a4 31. Nc1 Ke6 32. h4 g5 33. hxg5 hxg5 34. f5+ Kd6 35. a3 Rh8 36. Ne2 Rh1+ 37. Kd2 Ra1 38. Nc1 Rxa3 39. Nd3 Ra1 40. Nb4 a3 41. Rf3 a2 42. Rf2 Rb1 43. Nxa2 Bxa2 44. Rh2 Bf7 45. Rh6 Ke7 46. Rh8 Rg1 47. Rb8 Rxg3 48. Rxb6 Rg2+ 49. Kd3 Rg3+ 50. Kd2 Rf3 51. Rb7+ Kf8 52. Rb6 Kg7 53. Rb7 g4 54. c4 g3 55. Rb1 Bxc4 56. Rg1 Bf7 57. Ke2 Ra3 58. Rg2 Bc4+ 59. Kd2 Ba6 60. c3 Bb7 61. Rxg3+ Kf7 62. Re3 Ra2+ 63. Kc1 Ba6 64. Kb1 Rf2 65. Kc1 Rf4 66. Kd1 Bb7 67. c4 Bxe4 68. c5 Bxf5 69. Rc3 Rd4+ 70. Ke2 Rd8 71. c6 Rc8 72. c7 Ke6 73. Rc6+ Ke7 74. Ke3 Be6 75. Ke2 Kd7 76. Ra6 Rxc7 77. Ke3 Ke7 78. Rb6 Rd7 79. Ra6 Bd5 80. Rb6 Rd6 81. Rb5 Ke6 82. Rb8 Bc4 83. Re8+ Kd5 84. Rh8 f5 85. Rf8 f4+ 86. Kf2 Kd4 87. Rb8 Bd5 88. Rf8 Be4 89. Rf7 Bd3 90. Rf8 Bc4 91. Rf5 Ke4 92. Rf8 Ra6 93. Rd8 Ra2+ 94. Ke1 Ke3 95. Rd1 f3 96. Rc1 Re2+ 97. Kd1 f2 98. Rc3+ Kf4 99. Rxc4+ Kf3 100. Rc3+ Re3 0-1

[Event "Titled Tuesday intern op 01st Aug Early"]
[Site "Chess.com INT"]
[Date "2023.08.01"]
[Round "3"]
[White "Mendez Fortes, Eduardo Jesus"]
[Black "Jahnz, Fabian"]
[Result "0-1"]
[WhiteElo "2231"]
[BlackElo "2268"]
[PlyCount "56"]
[EventDate "2023.08.01"]
[EventType "swiss (blitz)"]
[EventRounds "11"]
[EventCountry "USA"]
[SourceTitle "EXT 2024"]
[Source "ChessBase"]
[SourceDate "2023.10.10"]
[SourceVersion "1"]
[SourceVersionDate "2023.10.10"]
[SourceQuality "1"]

1. e4 c6 2. d4 d5 3. e5 Bf5 4. Nf3 e6 5. Be2 Ne7 6. 0-0 Ng6 7. Nbd2 Nd7 8. Nb3 Be7 9. g3 0-0 10. h4 Bg4 11. Ng5 Bxe2 12. Qxe2 h6 13. Nh3 Re8 14. Qh5 c5 15. c3 a5 16. f4 a4 17. Nd2 cxd4 18. cxd4 Ndf8 19. Nf3 a3 20. b3 Rc8 21. g4 Nxh4 22. Nxh4 Bxh4 23. g5 hxg5 24. fxg5 Ng6 25. Bxa3 Rc3 26. Rac1 Rxh3 27. Rf3 Bf2+ 28. Kxf2 Rxh5 0-1